[Event "TCh-CRO u20"]
[Site "?"]
[Date "2004.09.13"]
[Round "9"]
[White "Jerbic Vedran"]
[Black "Miletic Josip"]
[Result "1/2-1/2"]
[WhiteElo "2065"]
[BlackElo "2152"]
[PlyCount "78"]
[EventDate "2004.??.??"]
[Source "www.chesslib.no"]
[SourceDate "2004.05.04"]

1. d4 Nf6 2. c4 c5 3. d5 d6 4. Nc3 e5 5. dxe6 fxe6 6. e4 Be7 7. Bd3 O-O 8. Nge2 Nc6 9. O-O Ne5 10. f4 Nxd3 11. Qxd3 Bd7 12. e5 Ne8 13. Be3 Qc7 14. exd6 Nxd6 15. Ng3 Rad8 16. Rad1 b6 17. Qe2 Bc6 18. Bc1 Rf6 19. Nce4 Nxe4 20. Nxe4 Rg6 21. Rxd8+ Bxd8 22. b3 Qb7 23. Re1 Bxe4 24. Qxe4 Qxe4 25. Rxe4 Bf6 26. g3 h5 27. Kg2 Kf7 28. Kf3 Rh6 29. Re2 Rh8 30. Rd2 Bd4 31. Rd3 Ke7 32. Be3 Bf6 33. Ke4 g6 34. h3 Bg7 35. Bd2 Rh7 36. Bc3 Bxc3 37. Rxc3 Kf6 38. Rd3 Re7 39. Rd6 Rh7 1/2-1/2

[Event "Oeffingen"]
[Site "?"]
[Date "2002.09.01"]
[Round "9"]
[White "Reimche Vadim"]
[Black "Wolf Rainer"]
[Result "1/2-1/2"]
[WhiteElo "2140"]
[BlackElo "2058"]
[PlyCount "129"]
[EventDate "2002.??.??"]
[Source "www.chesslib.no"]
[SourceDate "2004.05.04"]

1. d4 Nf6 2. c4 c5 3. d5 d6 4. Nc3 e5 5. e4 g6 6. g3 Bg7 7. Bh3 Bxh3 8. Nxh3 Qd7 9. Ng1 O-O 10. Bd2 Na6 11. Kf1 Nc7 12. Qe2 a6 13. a4 b5 14. axb5 axb5 15. Rxa8 Rxa8 16. cxb5 Rb8 17. Kg2 Nxb5 18. Qc4 Nd4 19. Bc1 Nb3 20. Bg5 Nd4 21. Bxf6 Bxf6 22. Nd1 Rb4 23. Qa6 Ra4 24. Qd3 Bg7 25. Ne2 f5 26. f3 c4 27. Qe3 Qb7 28. Nec3 Ra1 29. Qg5 Qb8 30. h4 Qf8 31. Qe3 f4 32. Qf2 fxg3 33. Qxg3 Bh6 34. Qg4 Qf4 35. Rf1 Ra8 36. h5 Qxg4+ 37. fxg4 gxh5 38. gxh5 Bf4 39. Rf2 Kg7 40. Ne2 Nxe2 41. Rxe2 Kh6 42. Rc2 Ra4 43. Nc3 Rb4 44. Ne2 Kxh5 45. Nxf4+ exf4 46. Kf3 Kg5 47. Rg2+ Kf6 48. Kxf4 h5 49. Rh2 h4 50. Rxh4 Rxb2 51. Rh6+ Ke7 52. Ke3 c3 53. Kd3 c2 54. Kd2 c1=Q+ 55. Kxc1 Rg2 56. Kd1 Ra2 57. Ke1 Rb2 58. Re6+ Kd7 59. Rf6 Ke7 60. Rf2 Rb4 61. Re2 Kf6 62. Kd2 Ke5 63. Kd3 Rd4+ 64. Kc3 Rxe4 65. Rd2 1/2-1/2

[Event "Gladenbach (08.11.-20.11)"]
[Site "?"]
[Date "1999.11.18"]
[Round "9.43"]
[White "Krasinski Jerzy"]
[Black "Langmann Claus"]
[Result "0-1"]
[WhiteElo "2200"]
[BlackElo "1980"]
[PlyCount "74"]
[EventDate "1999.??.??"]
[Source "www.chesslib.no"]
[SourceDate "2004.05.04"]

1. d4 Nf6 2. c4 c5 3. d5 d6 4. Nc3 e6 5. e4 exd5 6. exd5 Qe7+ 7. Be2 g6 8. Nf3 Bg7 9. O-O O-O 10. Re1 Re8 11. Bg5 h6 12. Bf4 Bg4 13. Qd2 Qf8 14. h3 Bxf3 15. Bxf3 a6 16. Rxe8 Nxe8 17. Ne4 Nd7 18. Rb1 b5 19. Be2 b4 20. Qc2 a5 21. Qa4 Qe7 22. Bf3 Ne5 23. Bxe5 Bxe5 24. Qc6 Ra7 25. Qa4 Ng7 26. Qd1 Qh4 27. Qf1 Qf4 28. Qd3 Qh2+ 29. Kf1 Nf5 30. Ng3 Nxg3+ 31. fxg3 Re7 32. Qe3 Bd4 33. Qxe7 Qg1+ 34. Ke2 Qxb1 35. Qe4 Qxb2+ 36. Kd1 Qa1+ 37. Kd2 Bc3+ 0-1

[Event "Budapest FS04 Elo"]
[Site "Budapest"]
[Date "1999.04.11"]
[Round "9"]
[White "Johansson, Mikael"]
[Black "Szamoskozi, Gabor"]
[Result "0-1"]
[WhiteElo "2109"]
[BlackElo "2060"]
[PlyCount "80"]
[EventDate "1999.04.??"]
[Source "ChessBase"]
[SourceDate "1999.07.10"]

1. d4 Nf6 2. c4 c5 3. d5 d6 4. Nc3 g6 5. Nf3 Bg7 6. h3 O-O 7. e4 b5 8. cxb5 a6 9. b6 Nbd7 10. Bd3 Nxb6 11. O-O Bd7 12. Re1 e5 13. dxe6 Bxe6 14. Bg5 h6 15. Bh4 Qc8 16. Qd2 Kh7 17. Rad1 Ra7 18. Qf4 Ne8 19. e5 d5 20. Ne2 d4 21. Nexd4 cxd4 22. Qxd4 Qb8 23. Bd8 Nd5 24. Qh4 Kg8 25. Ba5 Nec7 26. Bd2 Qd8 27. Bg5 hxg5 28. Nxg5 Re8 29. Qh7+ Kf8 30. Qh4 Qe7 31. f4 Qc5+ 32. Kh1 Ne3 33. Nh7+ Kg8 34. Nf6+ Bxf6 35. exf6 Nxd1 36. Qh6 Qf8 37. Qh4 Nxb2 38. Bb1 Nd5 39. Re5 Nxf6 40. Qxf6 Qe7 0-1

[Event "Rakovnik op"]
[Site "Rakovnik"]
[Date "1999.??.??"]
[Round "?"]
[White "Neuman, Petr"]
[Black "Volek, Stanislav"]
[Result "1-0"]
[WhiteElo "2315"]
[BlackElo "1830"]
[PlyCount "79"]
[EventDate "1999.??.??"]
[Source "www.chesslib.no"]
[SourceDate "2004.05.04"]

1. d4 Nf6 2. c4 c5 3. d5 d6 4. Nc3 e6 5. e4 a6 6. f4 exd5 7. cxd5 Bg4 8. Qc2 g6 9. h3 Bc8 10. a4 Bg7 11. Nf3 O-O 12. Be2 Re8 13. O-O Nbd7 14. Nd2 b6 15. g4 Nf8 16. Kg2 Qd7 17. Rh1 Qe7 18. Bf3 h5 19. g5 N6h7 20. Nc4 Rb8 21. h4 Qd8 22. f5 gxf5 23. exf5 b5 24. axb5 axb5 25. Na5 Qd7 26. Nc6 Rb7 27. f6 Bxf6 28. gxf6 Nxf6 29. Bg5 N8h7 30. Ra8 Ng4 31. Qd2 f6 32. Bf4 Ne5 33. Nxe5 fxe5 34. Bg5 Qg7 35. Kf2 Rf8 36. Rg1 Bg4 37. Rxf8+ Qxf8 38. Rg3 Rf7 39. Qe3 b4 40. Ne4 1-0

[Event "Boca Juniors"]
[Site "Buenos Aires"]
[Date "1998.08.18"]
[Round "4"]
[White "Muench W"]
[Black "Podzielny, Karl Heinz Sr"]
[Result "1-0"]
[WhiteElo "2170"]
[BlackElo "1960"]
[PlyCount "57"]
[EventDate "1998.05.07"]
[Source "www.chesslib.no"]
[SourceDate "2004.05.04"]

1. d4 Nf6 2. c4 c5 3. d5 d6 4. Nc3 g6 5. Bf4 e6 6. e4 exd5 7. exd5 a6 8. Be2 Bg7 9. Nf3 O-O 10. O-O Re8 11. Bg5 Qc7 12. h3 Nbd7 13. Qd2 Ne4 14. Nxe4 Rxe4 15. Bd3 Re8 16. Kh1 Ne5 17. Nxe5 Rxe5 18. f4 Re8 19. f5 Bd7 20. f6 Bh8 21. Rae1 b5 22. Re7 bxc4 23. Bxc4 Rxe7 24. fxe7 Be8 25. Qf4 Bxb2 26. Bf6 Be5 27. Bxe5 dxe5 28. Qf6 Qd7 29. d6 1-0

[Event "Graz Ch"]
[Site "Graz AUT"]
[Date "1994.??.??"]
[Round "5"]
[White "Eferl, R."]
[Black "Weissenbichler, Franz"]
[Result "1-0"]
[WhiteElo "2100"]
[BlackElo "2030"]
[PlyCount "151"]
[EventDate "1994.??.??"]
[Source "www.chesslib.no"]
[SourceDate "2004.05.04"]

1. d4 Nf6 2. c4 c5 3. d5 d6 4. Nc3 g6 5. e4 Bg7 6. Nf3 Bg4 7. Be2 Nbd7 8. O-O O-O 9. h3 Bxf3 10. Bxf3 Nb6 11. Be2 Nfd7 12. Qc2 a6 13. b3 Qc7 14. Bb2 Rad8 15. Nd1 Nf6 16. Ne3 Nbd7 17. g4 e5 18. Kg2 Bh6 19. Bc1 Bf4 20. Bd2 Ne8 21. Rh1 Ng7 22. Rag1 Rb8 23. h4 h6 24. Kf1 Kh7 25. Ng2 Bxd2 26. Qxd2 Qd8 27. Ne3 b6 28. h5 g5 29. Kg2 Qf6 30. a4 Qf4 31. Qc2 Qf6 32. a5 Qd8 33. Ra1 Ra8 34. Ra3 Qc7 35. Rha1 Ra7 36. Nd1 Rb8 37. Nc3 Rba8 38. Qa2 Qb7 39. axb6 Qxb6 40. Nb5 Rb7 41. Rxa6 Rxa6 42. Qxa6 Ne8 43. Qa2 Kg7 44. Qb2 Ndf6 45. f3 Nc7 46. Qa3 Nfe8 47. Qa5 Qxa5 48. Rxa5 Kf6 49. Kf2 Ke7 50. Ke3 Rb8 51. Kd2 Ra8 52. Na7 Kd7 53. Bd1 Rb8 54. Kc3 Rb6 55. Nc6 Kc8 56. Ne7+ Kb8 57. Nf5 Nf6 58. Nxh6 Nh7 59. Nxf7 Kc8 60. Nh6 Kd7 61. Nf5 Rb7 62. Ne3 Rb6 63. Ra7 Kc8 64. Nc2 Kb8 65. Ra5 Ra6 66. Rxa6 Nxa6 67. b4 cxb4+ 68. Nxb4 Nc5 69. Nd3 Nd7 70. Kb4 Kc7 71. Ba4 Ndf6 72. c5 Nf8 73. Nb2 dxc5+ 74. Kxc5 N8d7+ 75. Bxd7 Nxd7+ 76. Kb5 1-0

[Event "Passau op 4th"]
[Site "?"]
[Date "1996.??.??"]
[Round "7"]
[White "Kunze Holger"]
[Black "Heika Martin"]
[Result "1-0"]
[WhiteElo "2040"]
[BlackElo "2085"]
[PlyCount "47"]
[EventDate "1996.??.??"]
[Source "www.chesslib.no"]
[SourceDate "2004.05.04"]

1. d4 Nf6 2. c4 c5 3. d5 d6 4. Nc3 g6 5. e4 Bg7 6. Nf3 O-O 7. h3 Na6 8. Bd3 Bd7 9. O-O Nc7 10. a4 Na6 11. Bf4 Nb4 12. Bb1 b6 13. e5 Ne8 14. Qe2 a6 15. Ra3 b5 16. axb5 axb5 17. cxb5 e6 18. Bg5 f6 19. exf6 Nxf6 20. dxe6 Re8 21. e7 Qb8 22. Qc4+ Kh8 23. Qf7 Ng8 24. Nh4 1-0